[Event "Girls U12 Polish Youth Championship"]
[Site "chess24.com"]
[Date "2018.05.01"]
[Round "4"]
[White "Kowalczyk, Barbara"]
[Black "Jedrzejewska, Zuzanna"]
[Result "0-1"]
[Board "14"]
[WhiteElo "1261"]
[WhiteCountry "POL"]
[WhiteFideId "21837317"]
[WhiteEloChange "-13"]
[BlackElo "1152"]
[BlackCountry "POL"]
[BlackFideId "21833770"]
[BlackEloChange "13"]

1. e4 {[%clk 1:30:51]} c5 {[%clk 1:30:34]} 2. c3 {[%clk 1:31:05]} Nf6 {[%clk
1:30:54]} 3. e5 {[%clk 1:31:00]} Nd5 {[%clk 1:31:15]} 4. d4 {[%clk 1:30:55]} cxd4
{[%clk 1:31:37]} 5. cxd4 {[%clk 1:30:38]} d6 {[%clk 1:31:32]} 6. exd6 {[%clk
1:25:37]} Qxd6 {[%clk 1:26:55]} 7. Nc3 {[%clk 1:25:38]} a6 {[%clk 1:21:07]} 8.
Bc4 {[%clk 1:24:43]} Nb6 {[%clk 1:20:06]} 9. Bd3 {[%clk 1:23:36]} Nc6 {[%clk
1:18:26]} 10. Nf3 {[%clk 1:23:37]} Bg4 {[%clk 1:16:46]} 11. Be2 {[%clk 1:19:30]}
e6 {[%clk 1:13:20]} 12. Be3 {[%clk 1:17:55]} Be7 {[%clk 1:12:28]} 13. Rc1 {[%clk
1:12:24]} O-O {[%clk 1:09:30]} 14. O-O {[%clk 1:11:31]} Rfd8 {[%clk 1:05:47]} 15.
a3 {[%clk 1:03:43]} Rab8 {[%clk 1:04:36]} 16. Qb3 {[%clk 0:54:36]} Nd5 {[%clk
1:00:04]} 17. Nxd5 {[%clk 0:52:14]} Qxd5 {[%clk 1:00:11]} 18. Qxd5 {[%clk
0:50:07]} Rxd5 {[%clk 1:00:14]} 19. Bc4 {[%clk 0:50:08]} Bxf3 {[%clk 0:59:24]}
20. gxf3 {[%clk 0:49:54]} Rd7 {[%clk 0:59:32]} 21. Rfd1 {[%clk 0:49:51]} Rbd8
{[%clk 0:59:19]} 22. d5 {[%clk 0:46:15]} exd5 {[%clk 0:57:25]} 23. Bb6 {[%clk
0:45:51]} dxc4 {[%clk 0:55:47]} 24. Bxd8 {[%clk 0:45:54]} Rxd8 {[%clk 0:55:05]}
25. Rxd8+ {[%clk 0:46:08]} Bxd8 {[%clk 0:54:03]} 26. Rxc4 {[%clk 0:46:22]} Kf8
{[%clk 0:52:48]} 27. Kg2 {[%clk 0:46:16]} Ke7 {[%clk 0:51:57]} 28. Re4+ {[%clk
0:46:18]} Kd7 {[%clk 0:51:48]} 29. Kg3 {[%clk 0:44:59]} Bc7+ {[%clk 0:49:37]} 30.
Kh3 {[%clk 0:44:28]} Bb6 {[%clk 0:46:54]} 31. Kg2 {[%clk 0:43:01]} Bd4 {[%clk
0:44:12]} 32. Re2 {[%clk 0:40:53]} g6 {[%clk 0:42:57]} 33. f4 {[%clk 0:40:19]} h5
{[%clk 0:42:42]} 34. Kg3 {[%clk 0:40:06]} Bf6 {[%clk 0:42:16]} 35. f3 {[%clk
0:39:16]} Kd6 {[%clk 0:39:47]} 36. Rd2+ {[%clk 0:34:47]} Ke7 {[%clk 0:39:16]} 37.
Re2+ {[%clk 0:34:21]} Kf8 {[%clk 0:39:36]} 38. b4 {[%clk 0:32:59]} Kg7 {[%clk
0:36:49]} 39. Rd2 {[%clk 0:31:22]} Nd4 {[%clk 0:36:21]} 40. Kf2 {[%clk 0:30:24]}
Nb5 {[%clk 0:29:42]} 41. Rd7 {[%clk 0:28:04]} Nxa3 {[%clk 0:29:52]} 42. Rxb7
{[%clk 0:28:12]} Nb5 {[%clk 0:30:03]} 43. Kg3 {[%clk 0:27:51]} Bc3 {[%clk
0:28:48]} 44. Rb6 {[%clk 0:27:55]} Bxb4 {[%clk 0:28:10]} 45. Rxa6 {[%clk
0:26:34]} Bf8 {[%clk 0:28:08]} 46. Ra5 {[%clk 0:26:19]} Nd6 {[%clk 0:27:59]} 47.
Ra7 {[%clk 0:25:12]} Nf5+ {[%clk 0:28:06]} 48. Kg2 {[%clk 0:25:19]} Bd6 {[%clk
0:26:19]} 49. Ra4 {[%clk 0:25:22]} Ne3+ {[%clk 0:25:08]} 50. Kh1 {[%clk 0:22:14]}
h4 {[%clk 0:22:09]} 51. Re4 {[%clk 0:20:27]} Nf5 {[%clk 0:21:00]} 52. Kg2 {[%clk
0:20:25]} f6 {[%clk 0:19:25]} 53. Ra4 {[%clk 0:20:02]} g5 {[%clk 0:18:57]} 54.
Ra5 {[%clk 0:19:20]} Ne3+ {[%clk 0:18:53]} 55. Kf2 {[%clk 0:18:38]} Bxf4 {[%clk
0:19:17]} 56. Ra3 {[%clk 0:17:24]} Nc4 {[%clk 0:17:14]} 57. Rc3 {[%clk 0:16:51]}
Ne5 {[%clk 0:17:31]} 58. h3 {[%clk 0:16:53]} Bg3+ {[%clk 0:17:13]} 59. Kg2 {[%clk
0:16:51]} Ng6 {[%clk 0:17:16]} 60. Ra3 {[%clk 0:16:38]} Nf4+ {[%clk 0:17:29]} 61.
Kh1 {[%clk 0:16:17]} Nxh3 {[%clk 0:17:35]} 62. Kg2 {[%clk 0:16:20]} Nf4+ {[%clk
0:17:57]} 63. Kh1 {[%clk 0:16:29]} Kg6 {[%clk 0:17:49]} 64. Ra1 {[%clk 0:16:47]}
h3 {[%clk 0:17:03]} 65. Kg1 {[%clk 0:16:52]} Ne2+ {[%clk 0:16:21]} 66. Kh1 {[%clk
0:17:00]} Nd4 {[%clk 0:15:08]} 67. Rg1 {[%clk 0:16:51]} Bh4 {[%clk 0:15:03]} 68.
Rf1 {[%clk 0:16:51]} f5 {[%clk 0:14:14]} 69. Kh2 {[%clk 0:16:59]} g4 {[%clk
0:13:40]} 70. fxg4 {[%clk 0:17:17]} fxg4 {[%clk 0:13:58]} 71. Rf4 {[%clk
0:16:27]} Nf3+ {[%clk 0:12:52]} 72. Kh1 {[%clk 0:16:33]} Kg5 {[%clk 0:12:49]} 73.
Ra4 {[%clk 0:16:25]} Bf2 {[%clk 0:11:04]} 74. Ra1 {[%clk 0:16:17]} Kf4 {[%clk
0:10:12]} 75. Rf1 {[%clk 0:16:19]} Bh4 {[%clk 0:09:43]} 76. Ra1 {[%clk 0:15:47]}
Bf2 {[%clk 0:09:26]} 77. Ra4+ {[%clk 0:15:57]} Bd4 {[%clk 0:09:46]} 78. Ra8
{[%clk 0:15:23]} h2 {[%clk 0:07:39]} 79. Rf8+ {[%clk 0:14:57]} Kg3 {[%clk
0:07:58]} 80. Rf7 {[%clk 0:14:30]} Ng5 {[%clk 0:06:38]} 81. Rh7 {[%clk 0:14:29]}
Ne4 {[%clk 0:06:20]} 82. Rxh2 {[%clk 0:14:32]} Nf2+ {[%clk 0:05:45]} 83. Rxf2
{[%clk 0:14:33]} Kxf2 {[%clk 0:06:10]} 84. Kh2 {[%clk 0:14:42]} g3+ {[%clk
0:06:31]} 85. Kh3 {[%clk 0:15:00]} g2 {[%clk 0:06:55]} 86. Kg4 {[%clk 0:15:09]}
g1Q+ {[%clk 0:07:16]} 0-1

[Event "Girls U12 Polish Youth Championship"]
[Site "chess24.com"]
[Date "2018.05.01"]
[Round "4"]
[White "Roszkiewicz, Zofia"]
[Black "Walendykiewicz, Martyna"]
[Result "1-0"]
[Board "15"]
[WhiteElo "1257"]
[WhiteCountry "POL"]
[WhiteFideId "21837384"]
[WhiteEloChange "5"]
[BlackElo "1071"]
[BlackCountry "POL"]
[BlackFideId "21832927"]
[BlackEloChange "-5"]

1. e4 {[%clk 1:30:58]} e5 {[%clk 1:30:55]} 2. Nf3 {[%clk 1:31:23]} Nc6 {[%clk
1:31:15]} 3. Nc3 {[%clk 1:31:43]} Bc5 {[%clk 1:31:22]} 4. Bb5 {[%clk 1:30:31]} d6
{[%clk 1:30:31]} 5. d4 {[%clk 1:30:31]} exd4 {[%clk 1:30:15]} 6. Nxd4 {[%clk
1:30:49]} Bd7 {[%clk 1:28:54]} 7. Bxc6 {[%clk 1:30:45]} Bxc6 {[%clk 1:29:12]} 8.
Nxc6 {[%clk 1:31:09]} bxc6 {[%clk 1:27:44]} 9. O-O {[%clk 1:30:51]} Ne7 {[%clk
1:27:29]} 10. Na4 {[%clk 1:28:54]} Bb6 {[%clk 1:26:51]} 11. Nxb6 {[%clk 1:27:35]}
axb6 {[%clk 1:25:53]} 12. Qg4 {[%clk 1:26:06]} O-O {[%clk 1:23:41]} 13. Bg5
{[%clk 1:25:04]} Re8 {[%clk 1:23:06]} 14. Bf6 {[%clk 1:24:29]} g6 {[%clk
1:23:08]} 15. Qg5 {[%clk 1:24:10]} Ra5 {[%clk 1:19:48]} 16. Qh6 {[%clk 1:19:53]}
Nf5 {[%clk 1:19:31]} 17. Bxd8 {[%clk 1:20:13]} Nxh6 {[%clk 1:19:50]} 18. Bxc7
{[%clk 1:20:36]} Rxe4 {[%clk 1:19:44]} 19. Rfe1 {[%clk 1:20:30]} d5 {[%clk
1:19:49]} 20. f3 {[%clk 1:20:15]} Re6 {[%clk 1:19:56]} 21. Bxb6 {[%clk 1:20:03]}
Rb5 {[%clk 1:19:41]} 22. Bd4 {[%clk 1:16:07]} Nf5 {[%clk 1:19:21]} 23. a4 {[%clk
1:14:06]} Rb8 {[%clk 1:19:00]} 24. Bc5 {[%clk 1:13:34]} Rbe8 {[%clk 0:47:41]} 25.
Rxe6 {[%clk 1:13:04]} fxe6 {[%clk 0:47:53]} 26. a5 {[%clk 1:13:16]} Ra8 {[%clk
0:48:14]} 27. Kf2 {[%clk 1:09:28]} Kf7 {[%clk 0:48:37]} 28. g4 {[%clk 1:08:34]}
Ne7 {[%clk 0:49:00]} 29. a6 {[%clk 1:06:44]} Nc8 {[%clk 0:49:29]} 30. a7 {[%clk
1:06:35]} e5 {[%clk 0:47:34]} 31. Ra6 {[%clk 1:05:55]} Ke8 {[%clk 0:47:24]} 32.
Rxc6 {[%clk 1:04:52]} Kd7 {[%clk 0:47:13]} 33. Ra6 {[%clk 1:03:03]} Kc7 {[%clk
0:46:50]} 34. Re6 {[%clk 1:02:00]} Nxa7 {[%clk 0:39:17]} 35. Bxa7 {[%clk
0:59:09]} Rxa7 {[%clk 0:39:40]} 36. Re7+ {[%clk 0:59:35]} Kb6 {[%clk 0:40:04]}
37. Rxa7 {[%clk 0:59:39]} Kxa7 {[%clk 0:40:31]} 38. h4 {[%clk 0:59:44]} Kb6
{[%clk 0:40:50]} 39. Ke3 {[%clk 0:59:59]} Kc5 {[%clk 0:41:01]} 40. b3 {[%clk
0:59:42]} Kb4 {[%clk 0:39:17]} 41. f4 {[%clk 0:47:42]} exf4+ {[%clk 0:38:33]} 42.
Kxf4 {[%clk 0:47:47]} Kc3 {[%clk 0:38:48]} 43. Ke5 {[%clk 0:47:06]} d4 {[%clk
0:38:22]} 44. b4 {[%clk 0:47:20]} Kxb4 {[%clk 0:38:43]} 45. Kxd4 {[%clk 0:46:57]}
Kb5 {[%clk 0:39:04]} 46. Ke5 {[%clk 0:46:22]} Kc4 {[%clk 0:39:16]} 47. Kf6 {[%clk
0:46:47]} Kc3 {[%clk 0:39:39]} 48. Kg7 {[%clk 0:46:49]} Kxc2 {[%clk 0:40:05]} 49.
Kxh7 {[%clk 0:47:15]} Kd3 {[%clk 0:40:32]} 50. Kxg6 {[%clk 0:47:08]} Ke4 {[%clk
0:40:57]} 51. h5 {[%clk 0:46:50]} 1-0

[Event "Girls U12 Polish Youth Championship"]
[Site "chess24.com"]
[Date "2018.05.01"]
[Round "4"]
[White "Mazurek, Maja"]
[Black "Kucharska, Helena"]
[Result "0-1"]
[Board "16"]
[WhiteElo "1233"]
[WhiteCountry "POL"]
[WhiteFideId "21836426"]
[WhiteEloChange "-10"]
[BlackElo "1247"]
[BlackCountry "POL"]
[BlackFideId "1195760"]
[BlackEloChange "10"]

1. d4 {[%clk 1:30:56]} d5 {[%clk 1:30:51]} 2. e3 {[%clk 1:31:17]} Nf6 {[%clk
1:31:03]} 3. Bd3 {[%clk 1:31:21]} Bg4 {[%clk 1:31:21]} 4. f3 {[%clk 1:31:00]} Bh5
{[%clk 1:31:43]} 5. c3 {[%clk 1:26:04]} e6 {[%clk 1:31:02]} 6. Nd2 {[%clk
1:24:34]} c5 {[%clk 1:30:37]} 7. Ne2 {[%clk 1:16:17]} Nc6 {[%clk 1:29:18]} 8. O-O
{[%clk 1:12:33]} Bg6 {[%clk 1:24:50]} 9. Bc2 {[%clk 1:09:15]} Bxc2 {[%clk
1:21:44]} 10. Qxc2 {[%clk 1:09:33]} Bd6 {[%clk 1:21:24]} 11. e4 {[%clk 1:04:57]}
cxd4 {[%clk 1:17:34]} 12. cxd4 {[%clk 1:04:17]} Qb6 {[%clk 1:17:47]} 13. Nb3
{[%clk 0:56:52]} Nb4 {[%clk 1:11:26]} 14. Qb1 {[%clk 0:55:32]} Rc8 {[%clk
1:07:57]} 15. Nc3 {[%clk 0:55:11]} dxe4 {[%clk 0:56:56]} 16. fxe4 {[%clk
0:55:00]} e5 {[%clk 0:54:40]} 17. Be3 {[%clk 0:53:23]} Ng4 {[%clk 0:53:31]} 18.
Qc1 {[%clk 0:42:58]} Nxe3 {[%clk 0:44:45]} 19. Qxe3 {[%clk 0:43:10]} exd4 {[%clk
0:44:32]} 20. Qxd4 {[%clk 0:42:16]} Qxd4+ {[%clk 0:44:39]} 21. Nxd4 {[%clk
0:42:35]} Bc5 {[%clk 0:44:45]} 22. Ne2 {[%clk 0:35:45]} Nc2 {[%clk 0:42:59]} 23.
Rac1 {[%clk 0:35:53]} Nxd4 {[%clk 0:43:13]} 24. Nxd4 {[%clk 0:36:04]} Bxd4+
{[%clk 0:43:37]} 25. Kh1 {[%clk 0:36:12]} Ke7 {[%clk 0:43:00]} 26. Rb1 {[%clk
0:33:09]} Rc2 {[%clk 0:42:47]} 27. Rfc1 {[%clk 0:31:36]} Rhc8 {[%clk 0:43:02]}
28. Rxc2 {[%clk 0:30:45]} Rxc2 {[%clk 0:43:26]} 29. a4 {[%clk 0:30:48]} Rxb2
{[%clk 0:43:43]} 30. Rc1 {[%clk 0:30:31]} Ra2 {[%clk 0:43:59]} 31. g3 {[%clk
0:29:56]} Ra1 {[%clk 0:44:23]} 32. Rxa1 {[%clk 0:30:08]} Bxa1 {[%clk 0:44:48]}
33. Kg2 {[%clk 0:30:30]} Ke6 {[%clk 0:45:06]} 34. Kf3 {[%clk 0:30:52]} a6 {[%clk
0:45:29]} 35. Ke3 {[%clk 0:30:59]} Ke5 {[%clk 0:45:55]} 36. Kd3 {[%clk 0:30:52]}
Bd4 {[%clk 0:45:59]} 37. Kc4 {[%clk 0:30:42]} Kxe4 {[%clk 0:46:05]} 38. Kb4
{[%clk 0:30:48]} Bg1 {[%clk 0:46:00]} 39. h3 {[%clk 0:31:10]} Kf3 {[%clk
0:46:21]} 40. Kc4 {[%clk 0:31:25]} b5+ {[%clk 0:46:35]} 41. axb5 {[%clk 0:31:39]}
axb5+ {[%clk 0:47:00]} 42. Kxb5 {[%clk 0:32:00]} Kxg3 {[%clk 0:47:25]} 43. Kc6
{[%clk 0:32:22]} f5 {[%clk 0:47:45]} 44. Kd5 {[%clk 0:32:37]} f4 {[%clk 0:48:07]}
45. Ke4 {[%clk 0:32:50]} f3 {[%clk 0:48:28]} 46. h4 {[%clk 0:32:55]} f2 {[%clk
0:48:49]} 47. h5 {[%clk 0:32:45]} f1Q {[%clk 0:48:56]} 0-1

[Event "Girls U12 Polish Youth Championship"]
[Site "chess24.com"]
[Date "2018.05.01"]
[Round "4"]
[White "Kuczynska, Katarzyna"]
[Black "Janikowska, Wiktoria"]
[Result "1/2-1/2"]
[Board "17"]
[WhiteElo "1131"]
[WhiteCountry "POL"]
[WhiteFideId "21806390"]
[WhiteEloChange "6"]
[BlackElo "1369"]
[BlackCountry "POL"]
[BlackFideId "21836388"]
[BlackEloChange "-6"]

1. e4 {[%clk 1:30:57]} c5 {[%clk 1:30:53]} 2. Nf3 {[%clk 1:31:16]} g6 {[%clk
1:31:14]} 3. d4 {[%clk 1:30:27]} cxd4 {[%clk 1:31:36]} 4. Nxd4 {[%clk 1:30:49]}
Nc6 {[%clk 1:31:55]} 5. Nb3 {[%clk 1:28:35]} Bg7 {[%clk 1:31:25]} 6. Nc3 {[%clk
1:28:04]} Nf6 {[%clk 1:31:10]} 7. Be2 {[%clk 1:26:21]} O-O {[%clk 1:30:13]} 8.
O-O {[%clk 1:25:20]} d6 {[%clk 1:19:52]} 9. f4 {[%clk 1:23:25]} Bd7 {[%clk
1:12:10]} 10. Kh1 {[%clk 1:21:58]} Qc8 {[%clk 1:09:33]} 11. h3 {[%clk 1:14:25]}
a5 {[%clk 0:57:46]} 12. Nd2 {[%clk 1:10:14]} Nd4 {[%clk 0:52:56]} 13. Bd3 {[%clk
1:09:01]} Nh5 {[%clk 0:45:47]} 14. Rf2 {[%clk 1:04:34]} Bf6 {[%clk 0:36:26]} 15.
Nf3 {[%clk 1:03:58]} Nxf3 {[%clk 0:36:18]} 16. Rxf3 {[%clk 1:04:11]} Bh4 {[%clk
0:30:42]} 17. Nd5 {[%clk 1:02:19]} Qc6 {[%clk 0:15:05]} 18. g4 {[%clk 0:58:11]}
Ng3+ {[%clk 0:11:52]} 19. Rxg3 {[%clk 0:57:50]} e6 {[%clk 0:11:50]} 20. Ne7+
{[%clk 0:51:10]} Bxe7 {[%clk 0:12:11]} 21. Kh2 {[%clk 0:50:06]} Bh4 {[%clk
0:12:01]} 22. Rg2 {[%clk 0:50:13]} d5 {[%clk 0:08:18]} 23. exd5 {[%clk 0:49:02]}
Qxd5 {[%clk 0:07:54]} 24. g5 {[%clk 0:47:30]} Bc6 {[%clk 0:07:57]} 25. Qe2 {[%clk
0:45:31]} Qf3 {[%clk 0:06:24]} 26. Qxf3 {[%clk 0:45:39]} Bxf3 {[%clk 0:06:49]}
27. Rg1 {[%clk 0:45:18]} f6 {[%clk 0:06:35]} 28. Bc4 {[%clk 0:44:59]} Bd5 {[%clk
0:06:32]} 29. Bxd5 {[%clk 0:44:49]} exd5 {[%clk 0:06:57]} 30. Be3 {[%clk
0:44:49]} fxg5 {[%clk 0:06:29]} 31. fxg5 {[%clk 0:45:11]} Bf2 {[%clk 0:06:44]}
32. Bxf2 {[%clk 0:45:32]} Rxf2+ {[%clk 0:07:11]} 33. Rg2 {[%clk 0:45:31]} Rxg2+
{[%clk 0:06:04]} 34. Kxg2 {[%clk 0:45:31]} Rc8 {[%clk 0:06:22]} 35. c3 {[%clk
0:45:44]} Re8 {[%clk 0:06:37]} 36. Rf1 {[%clk 0:45:36]} Re2+ {[%clk 0:06:13]} 37.
Rf2 {[%clk 0:46:01]} Rxf2+ {[%clk 0:06:30]} 38. Kxf2 {[%clk 0:46:25]} Kf7 {[%clk
0:06:56]} 39. Ke3 {[%clk 0:43:07]} 1/2-1/2

[Event "Girls U12 Polish Youth Championship"]
[Site "chess24.com"]
[Date "2018.05.01"]
[Round "4"]
[White "Maslewska, Anna"]
[Black "Pudelko, Magdalena"]
[Result "1/2-1/2"]
[Board "18"]
[WhiteElo "1124"]
[WhiteCountry "POL"]
[WhiteFideId "21839581"]
[WhiteEloChange "3"]
[BlackElo "1241"]
[BlackCountry "POL"]
[BlackFideId "21839093"]
[BlackEloChange "-3"]

1. e4 {[%clk 1:30:56]} d5 {[%clk 1:30:56]} 2. exd5 {[%clk 1:31:18]} Qxd5 {[%clk
1:31:24]} 3. Nc3 {[%clk 1:31:32]} Qa5 {[%clk 1:31:52]} 4. d4 {[%clk 1:30:48]} Nf6
{[%clk 1:32:18]} 5. Bd3 {[%clk 1:28:51]} c6 {[%clk 1:31:16]} 6. h3 {[%clk
1:27:53]} Bf5 {[%clk 1:31:14]} 7. Bxf5 {[%clk 1:25:24]} Qxf5 {[%clk 1:31:40]} 8.
Nf3 {[%clk 1:24:50]} e6 {[%clk 1:31:28]} 9. O-O {[%clk 1:24:43]} Bd6 {[%clk
1:31:11]} 10. Nh4 {[%clk 1:14:43]} Qa5 {[%clk 1:30:43]} 11. Ne2 {[%clk 1:06:52]}
O-O {[%clk 1:30:53]} 12. Nf3 {[%clk 1:00:31]} Nbd7 {[%clk 1:31:00]} 13. Bf4
{[%clk 0:59:34]} Qc7 {[%clk 1:30:51]} 14. Bxd6 {[%clk 0:59:14]} Qxd6 {[%clk
1:30:39]} 15. Ng3 {[%clk 0:56:27]} Rfe8 {[%clk 1:29:05]} 16. Re1 {[%clk 0:53:21]}
Rad8 {[%clk 1:27:38]} 17. c3 {[%clk 0:49:44]} Qc7 {[%clk 1:26:30]} 18. Qc2 {[%clk
0:49:17]} e5 {[%clk 1:25:19]} 19. Rad1 {[%clk 0:48:11]} exd4 {[%clk 1:24:42]} 20.
Nxd4 {[%clk 0:48:15]} Nd5 {[%clk 1:24:06]} 21. Nf3 {[%clk 0:43:09]} N7f6 {[%clk
1:21:24]} 22. Qc1 {[%clk 0:38:50]} Qf4 {[%clk 1:16:12]} 23. Qxf4 {[%clk 0:36:36]}
Nxf4 {[%clk 1:16:23]} 24. Rxe8+ {[%clk 0:32:58]} Rxe8 {[%clk 1:16:32]} 25. Ng5
{[%clk 0:32:02]} h6 {[%clk 1:16:00]} 26. Nf3 {[%clk 0:31:49]} Ne2+ {[%clk
1:15:38]} 27. Nxe2 {[%clk 0:32:08]} Rxe2 {[%clk 1:15:41]} 28. Rd2 {[%clk
0:32:30]} Rxd2 {[%clk 1:14:13]} 29. Nxd2 {[%clk 0:32:54]} Kf8 {[%clk 1:13:05]}
30. Nc4 {[%clk 0:32:50]} b6 {[%clk 1:11:34]} 31. Ne5 {[%clk 0:31:57]} c5 {[%clk
1:10:57]} 32. Nc6 {[%clk 0:32:23]} a5 {[%clk 1:10:46]} 33. Ne5 {[%clk 0:32:49]}
Ke7 {[%clk 1:09:33]} 34. Nc4 {[%clk 0:33:00]} Nd7 {[%clk 1:08:46]} 35. Kf1 {[%clk
0:33:17]} Ke6 {[%clk 1:08:38]} 36. Ke2 {[%clk 0:32:39]} Kd5 {[%clk 1:06:40]} 37.
Ne3+ {[%clk 0:32:58]} Ke4 {[%clk 1:04:59]} 38. Nc4 {[%clk 0:32:47]} a4 {[%clk
1:04:30]} 39. Nd6+ {[%clk 0:32:55]} Kd5 {[%clk 1:04:05]} 40. Nxf7 {[%clk
0:32:55]} b5 {[%clk 1:03:14]} 41. b3 {[%clk 0:32:27]} a3 {[%clk 1:03:07]} 42. Nh8
{[%clk 0:32:04]} b4 {[%clk 1:02:15]} 43. c4+ {[%clk 0:29:47]} Kd4 {[%clk
1:02:05]} 44. Kd2 {[%clk 0:30:11]} Nf6 {[%clk 1:02:03]} 45. f3 {[%clk 0:29:37]}
Nh5 {[%clk 1:00:02]} 46. Ng6 {[%clk 0:28:03]} Ng3 {[%clk 0:59:19]} 47. Nf4 {[%clk
0:27:02]} Ke5 {[%clk 0:58:49]} 48. Nd3+ {[%clk 0:26:51]} Kd4 {[%clk 0:58:52]} 49.
Nf4 {[%clk 0:26:57]} Ke5 {[%clk 0:57:41]} 50. Ng6+ {[%clk 0:27:11]} Kd4 {[%clk
0:57:24]} 51. Nf4 {[%clk 0:24:39]} 1/2-1/2

[Event "Girls U12 Polish Youth Championship"]
[Site "chess24.com"]
[Date "2018.05.01"]
[Round "4"]
[White "Romejko, Jagoda"]
[Black "Szymajda, Karolina"]
[Result "0-1"]
[Board "19"]
[WhiteElo "1083"]
[WhiteCountry "POL"]
[WhiteFideId "21836523"]
[WhiteEloChange "-6"]
[BlackElo "1215"]
[BlackCountry "POL"]
[BlackFideId "21836566"]
[BlackEloChange "6"]

1. e4 {[%clk 1:30:57]} c5 {[%clk 1:30:56]} 2. Nf3 {[%clk 1:31:07]} e6 {[%clk
1:31:21]} 3. d4 {[%clk 1:31:21]} d5 {[%clk 1:31:46]} 4. exd5 {[%clk 1:31:15]}
exd5 {[%clk 1:32:10]} 5. Bb5+ {[%clk 1:30:58]} Nc6 {[%clk 1:32:33]} 6. Nc3 {[%clk
1:29:44]} Be6 {[%clk 1:32:21]} 7. O-O {[%clk 1:27:57]} h6 {[%clk 1:31:34]} 8. Re1
{[%clk 1:24:27]} Nf6 {[%clk 1:31:41]} 9. Bf4 {[%clk 1:22:31]} Be7 {[%clk
1:30:44]} 10. Ne5 {[%clk 1:14:10]} Qb6 {[%clk 1:26:17]} 11. Be3 {[%clk 0:58:14]}
O-O {[%clk 1:25:15]} 12. Rb1 {[%clk 0:56:40]} Nxe5 {[%clk 1:23:48]} 13. dxe5
{[%clk 0:53:33]} d4 {[%clk 1:12:19]} 14. exf6 {[%clk 0:53:06]} Bxf6 {[%clk
1:11:39]} 15. Bd2 {[%clk 0:48:02]} dxc3 {[%clk 1:10:42]} 16. bxc3 {[%clk
0:48:16]} Qa5 {[%clk 1:07:50]} 17. Bd3 {[%clk 0:40:42]} c4 {[%clk 1:05:03]} 18.
Be4 {[%clk 0:40:48]} Rad8 {[%clk 1:02:27]} 19. Qe2 {[%clk 0:37:29]} Bxc3 {[%clk
0:50:27]} 20. Bxc3 {[%clk 0:36:01]} Qxc3 {[%clk 0:50:32]} 21. Rec1 {[%clk
0:34:27]} Rfe8 {[%clk 0:44:29]} 22. h3 {[%clk 0:30:32]} Bf5 {[%clk 0:43:24]} 23.
f3 {[%clk 0:30:32]} Bxe4 {[%clk 0:43:24]} 24. fxe4 {[%clk 0:30:51]} Qd4+ {[%clk
0:41:29]} 25. Kh1 {[%clk 0:30:55]} Rxe4 {[%clk 0:41:24]} 26. Qf3 {[%clk 0:31:06]}
Qe3 {[%clk 0:34:36]} 27. Qf5 {[%clk 0:29:45]} Rde8 {[%clk 0:32:07]} 28. Qa5
{[%clk 0:29:49]} a6 {[%clk 0:31:02]} 29. a4 {[%clk 0:29:28]} Qf2 {[%clk 0:29:05]}
30. Rf1 {[%clk 0:28:54]} Qxc2 {[%clk 0:28:50]} 31. Rbc1 {[%clk 0:29:20]} Qd3
{[%clk 0:28:13]} 32. Qc7 {[%clk 0:29:16]} R4e7 {[%clk 0:27:59]} 33. Qxc4 {[%clk
0:29:21]} Qxc4 {[%clk 0:28:06]} 34. Rxc4 {[%clk 0:29:49]} b5 {[%clk 0:27:50]} 35.
axb5 {[%clk 0:30:15]} axb5 {[%clk 0:28:13]} 36. Rb4 {[%clk 0:30:38]} Rb8 {[%clk
0:28:20]} 37. Rfb1 {[%clk 0:30:41]} Reb7 {[%clk 0:27:56]} 38. Kh2 {[%clk
0:31:00]} Kf8 {[%clk 0:28:12]} 39. Kg3 {[%clk 0:31:20]} Ke7 {[%clk 0:28:27]} 40.
Kf4 {[%clk 0:31:42]} Kd6 {[%clk 0:27:49]} 41. Kf5 {[%clk 0:31:49]} Kc5 {[%clk
0:27:50]} 42. g4 {[%clk 0:32:05]} Rb6 {[%clk 0:27:23]} 43. R4b2 {[%clk 0:31:44]}
Rf6+ {[%clk 0:25:18]} 44. Ke4 {[%clk 0:31:24]} Re8+ {[%clk 0:25:12]} 45. Kd3
{[%clk 0:31:39]} Rf3+ {[%clk 0:21:00]} 46. Kd2 {[%clk 0:31:51]} Rf2+ {[%clk
0:20:45]} 47. Kd3 {[%clk 0:31:59]} Rxb2 {[%clk 0:20:54]} 48. Rxb2 {[%clk
0:32:27]} Rb8 {[%clk 0:20:50]} 49. Rc2+ {[%clk 0:32:49]} Kb4 {[%clk 0:19:48]} 50.
Rc3 {[%clk 0:33:02]} Rd8+ {[%clk 0:19:07]} 51. Kc2 {[%clk 0:33:22]} Rd4 {[%clk
0:14:37]} 52. Rb3+ {[%clk 0:33:07]} Ka4 {[%clk 0:14:51]} 53. Kb2 {[%clk 0:33:13]}
Rb4 {[%clk 0:14:59]} 54. Rxb4+ {[%clk 0:33:18]} Kxb4 {[%clk 0:15:25]} 55. Kc2
{[%clk 0:33:36]} Ka3 {[%clk 0:15:39]} 56. Kb1 {[%clk 0:34:02]} Kb3 {[%clk
0:15:56]} 57. h4 {[%clk 0:34:16]} g5 {[%clk 0:15:43]} 58. h5 {[%clk 0:34:23]} f6
{[%clk 0:16:01]} 59. Kc1 {[%clk 0:34:39]} Ka2 {[%clk 0:16:18]} 60. Kd2 {[%clk
0:35:05]} b4 {[%clk 0:16:25]} 61. Ke3 {[%clk 0:35:32]} b3 {[%clk 0:16:39]} 62.
Ke4 {[%clk 0:35:57]} b2 {[%clk 0:16:37]} 63. Kf5 {[%clk 0:36:23]} b1Q+ {[%clk
0:15:15]} 64. Kxf6 {[%clk 0:36:45]} Qb8 {[%clk 0:14:49]} 65. Kg7 {[%clk 0:37:09]}
Qd6 {[%clk 0:14:52]} 66. Kh8 {[%clk 0:37:19]} Qd7 {[%clk 0:14:49]} 67. Kg8 {[%clk
0:37:42]} Kb3 {[%clk 0:14:49]} 68. Kf8 {[%clk 0:38:07]} Kc4 {[%clk 0:15:10]} 69.
Kg8 {[%clk 0:38:32]} Kd5 {[%clk 0:15:31]} 70. Kh8 {[%clk 0:38:57]} Ke6 {[%clk
0:15:40]} 71. Kg8 {[%clk 0:39:22]} Kf6 {[%clk 0:16:00]} 72. Kh8 {[%clk 0:39:46]}
Qg7# {[%clk 0:16:25]} 0-1